[Event "GRE-ch U12"]
[Site "Rio Achaia"]
[Date "2012.06.24"]
[Round "1.6"]
[White "Kokkalis, Haralabos"]
[Black "Dimitriadis, Iordanis"]
[Result "1-0"]
[WhiteElo "1698"]
[BlackElo "1354"]
[PlyCount "53"]
[EventDate "2012.06.24"]
[EventType "swiss"]
[EventRounds "7"]
[EventCountry "GRE"]
[SourceTitle "EXT 2024"]
[Source "ChessBase"]
[SourceDate "2023.10.10"]
[SourceVersion "1"]
[SourceVersionDate "2023.10.10"]
[SourceQuality "1"]

1. e4 c5 2. Nf3 d6 3. d4 cxd4 4. Nxd4 Nf6 5. Nc3 g6 6. Be3 Bg7 7. f3 0-0 8. Qd2 Nc6 9. Bc4 a6 10. 0-0-0 Na5 11. Bb3 Nxb3+ 12. Nxb3 Be6 13. Bh6 Qc7 14. h4 Rfc8 15. Bxg7 Kxg7 16. Nd4 b5 17. Nxe6+ fxe6 18. g4 b4 19. Ne2 e5 20. Ng3 Rab8 21. h5 b3 22. axb3 Rxb3 23. hxg6 hxg6 24. Qg2 Rxf3 25. Nf5+ gxf5 26. gxf5+ Kf8 27. Rh8+ 1-0